De l'autre côté de la rivière - Statistiques

Statistiques générales
  • Ce quiz a été pris 35 fois
  • Le résultat moyen est 8 sur 15
Statistiques - réponses
D'un côté LA rivière De l'autre % Correct
Kehl Rhin Strasbourg
91%
Gizeh Nil Le Caire
82%
Honfleur Seine Le Havre
82%
Kinshasa Congo Brazzaville
76%
Jersey City Hudson New York
76%
Longueuil St Laurent Montréal
71%
St Laurent du Var Var Nice
53%
Arlington Potomac Washington
53%
Almada Tage Lisbonne
44%
Évian-les-bains Rhône Lausanne
38%
Voljski Volga Volgograd
38%
Windsor Rivière _______ (Lac Érié) Détroit
32%
Salé Oued Abou Regreg Rabat
32%
Dongguan Shizi Ocean Canton
24%
Neuss Rhin Düsseldorf
18%
Aucun quiz correspondant
Distribution des résultats
% des personnes avec chaque résultat
Percentile par nombre de réponses
Votre historique - résultats
Vous n’avez pas pris ce quiz